| 000 | 01139nam0a22004331 4500 | ||
|---|---|---|---|
| 001 | RU\NLR\A1SV\33467 | ||
| 005 | 20251203171251.9 | ||
| 035 | _a(NLR Aleph) 009716879 | ||
| 090 |
_a9858604 _c9858604 |
||
| 100 | _a20000602d1926 u y0rusy50 ca | ||
| 101 | 0 | _arus | |
| 102 | _aRU | ||
| 200 | 1 |
_aИнгуши _e[Рассказ] _fДзахо Гатуев |
|
| 210 |
_aЛ. _cПрибой _d1926 |
||
| 215 |
_a105 с. _d18 см |
||
| 620 | _dСанкт-Петербург | ||
| 700 | 1 |
_6Z01790 _aГатуев _bД. _f1892-1938 _gДзахо _4070 |
|
| 790 | 1 |
_6Z01700 _aГатуев _bК.А. _gКонстантин Алексеевич |
|
| 801 | 0 |
_aRU _bNLR _c20000602 |
|
| 852 |
_aNLR _j19/862 |
||
| 852 |
_aNLR _j19/862а |
||
| 899 | _aГПИБ | ||
| 899 | _aНБЛ КГУ | ||
| 899 | _aАстОНБ | ||
| 899 | _aБАН | ||
| 899 | _aКирОУНБ | ||
| 899 | _aНБ РК | ||
| 899 | _aНБ РИ | ||
| 899 | _aГОПБ | ||
| 899 | _aРГБ | ||
| 899 | _aРКП | ||
| 899 | _aNLG | ||
| 899 | _aНБУВ | ||
| 899 | _aННБ РСО | ||
| 899 | _aНБ Бел. | ||
| 942 | _cBOOK | ||
| 980 | _aNB | ||
| 980 | _aA1SV | ||